000 00510nam a2200181Ia 4500
003 GCL
008 140319s9999 xx 000 0 ara d
040 _aGCL /
_cGCL
082 0 4 _a892.76
_bN L
100 1 _aNAGUIB MAHFOUZ
245 1 0 _aEL LLADRE I ELS GOSSOS (CATALAN SPANISH LANGUAGE) /
_cNAGUIB MAHFOUZ
260 _a[S.N] :
_bTHE AMERICAN UNIVERSITY IN CAIRO PRESS ،
_c1991
300 _a143 P
650 0 4 _aLITERATURE
650 0 4 _aARABIC LITERATURE
650 0 4 _aARABIC FICTION
942 _2ddc
_cBK
999 _c18262
_d18262